Derecho comercial /
Guardado en:
| Autor Principal: | |
|---|---|
| Formato: | Libro |
| Publicado: |
Argentina :
Estrada,
1981
|
| Edición: | 15a. ed. |
| Materias: | |
| Etiquetas: |
Agregar Etiqueta
Sin Etiquetas, Sea el primero en etiquetar este registro!
|
| LEADER | 01013nam a22002775a 4500 | ||
|---|---|---|---|
| 001 | CEM.cems003137 | ||
| 008 | 130507s1981##################000#0#####d | ||
| 005 | 20241217101429.0 | ||
| 245 | 1 | 0 | |a Derecho comercial / |c Isaac Halperin |
| 250 | |a 15a. ed. | ||
| 260 | |a Argentina : |b Estrada, |c 1981 | ||
| 300 | |a 173 p. | ||
| 505 | 0 | |a ADAPTADO PARA QUINTO ANO DE LAS ESCUELAS NACIONALES DE COMERCIO. | |
| 100 | 1 | |a Halperin, Isaac | |
| 082 | 0 | 4 | |a 347 |
| 653 | |a Comerciantes | ||
| 653 | |a Compraventa | ||
| 653 | |a Contratos | ||
| 653 | |a Derecho comercial | ||
| 653 | |a Sociedades | ||
| 859 | |a CEMS |b BIB. CEMS - 11 de abril |h 347 |i H163a15 |p 13419.85 |t Ej.1 | ||
| 859 | |a CEMS |b BIB. CEMS - 11 de abril |h 347 |i H163a15 |p 13420.85 |t Ej.2 | ||
| 859 | |a CEMS |b BIB. CEMS - 11 de abril |h 347 |i H163a15 |p 13422.85 |t Ej.4 | ||
| 859 | |a CEMS |b BIB. CEMS - 11 de abril |h 347 |i H163a15 |p 13423.85 |t Ej.5 | ||
| 859 | |a CEMS |b BIB. CEMS - 11 de abril |h 347 |i H163a15 |p 13426.85 |t Ej.8 | ||
| 859 | |a CEMS |b BIB. CEMS - 11 de abril |h 347 |i H163a15 |p 13428.85 |t Ej.10 | ||
